000 00277nam a2200109Ia 4500
008 220120s9999||||xx |||||||||||||| ||und||
100 _aSrinivas, B.A
_911703
245 0 _aManagement and entreprenership
260 _aRosha
_bDelhi
_c2010
300 _b0
650 _aGENERAL BOOKS
999 _c136920
_d136920